|
|
|
|
| LEADER |
00000nam a22000007a 4500 |
| 005 |
20200109220656.0 |
| 007 |
cr|||| |||| |
| 008 |
200109s2019 co |||||s|||| 00||0 spa d |
| 020 |
|
|
|a 978-958-784-180-0
|
| 035 |
|
|
|a 30926
|
| 040 |
|
|
|a vLex
|
| 090 |
|
|
|c 10098
|d 10098
|
| 100 |
1 |
|
|a Rengifo, ℓlvaro
|
| 245 |
1 |
0 |
|a Dilemas contemporǹeos del derecho notarial
|h [Recurso electrn̤ico] /
|c ℓlvaro Rengifo
|
| 256 |
|
|
|a Servicio en ln̕ea
|
| 260 |
|
|
|a Bogot:̀
|b Editorial Universidad de Rosario (Colombia),
|c 2019
|
| 300 |
|
|
|a 1 recurso electrn̤ico
|
| 500 |
|
|
|a Este texto busca evidenciar que el m̀bito notarial ha sido, y seguir ̀siendo, un nc︢leo de interaccin̤ econm̤ica y social en el cual las concepciones ideolg̤icas ms̀ esenciales de un Estado se encuentran con la autonoma̕ individual en el ejercicio mismo del notariado, por lo cual el notario cobra un papel de intermediario entre el Estado y la sociedad. El notario como depositario de la fe pb︢lica est ̀en medio de una relacin̤ compleja y, a veces, conflictiva entre las bases ideolg̤icas del Estado y el ideal de autonoma̕ del notario y la ciudadana̕. Para explicar la relacin̤ entre influencias ideolg̤icas, notariado y sociedad el autor usa una metodologa̕ predominantemente genealg̤ica haciendo un comentario histr̤ico de la configuracin̤ ideolg̤ica que toma el notariado y el ejercicio notarial a lo largo de las sucesivas p̌ocas de la historia colombiana para explicar la manera en que el notariado puede ser visto tanto como un medio de reproduccin̤ social o como una herramienta de enseąnza y defensa de los derechos humanos y ejercicio de autonoma̕. Este libro es de interš para expertos en derecho notarial, abogados o historiadores. Palabras clave: Autonoma̕, laicidad, secularidad, notariado, historia, Colombia, postsecularidad.
|
| 506 |
1 |
|
|a Disponible solo en los productos indicados
|d vLex Global
|d vLex Global (Academic Edition, excluding Law Schools)
|d vLex Global (U.S. Academic Edition, Law Schools)
|d vLex Global (U.S. Academic Edition, excluding Law Schools)
|d vLex Global (Academic Edition, Law Schools)
|
| 650 |
0 |
4 |
|a Derecho Procesal
|z Colombia
|
| 740 |
0 |
|
|a vLex Libros (Servicio en ln̕ea)
|
| 856 |
4 |
0 |
|u http://vlex.com/source/dilemas-contemporaneos-del-derecho-notarial-30926
|z Acceso restringido
|
| 942 |
|
|
|c BOOK
|
| 999 |
0 |
|
|a Procedural law
|